000 00930cam a2200301 a 4500
001 22847
003 SK-KTurca
005 20260429131717.0
008 090903s2009 xo d 000 f slo d
020 _a9788055119892 (viaz.)
035 _a(VRT)vtls009934272
040 _aPOKPOH
_bslo
_cUKB
_dSNK
_eAACR2
041 1 _aslo
_heng
044 _axo
_cSK
072 7 _a821.111(73)
_xAmerická literatúra
_2konspekt
080 _a821.111(73)-31
_22004
080 _a(0:82-31)
_22004
100 1 _aMiller, Rebecca,
_d1962-
240 1 4 _aThe private lives of Pippa Lee.
_lSlovensky
245 1 0 _aTajné svety Pippy Leeovej
_cRebecca Millerová ; [z anglického originálu preložila Tamara Chovanová]
260 _aBratislava
_bIkar
_c2009
300 _a221 s.
653 _a821.111(73)-31
653 _a(0:82-31)
655 7 _aamerické romány
_2UKBPH
700 1 _aChovanová, Tamara,
_d1953-
_4trl
942 _2ddc
_cKLDO
_n0
999 _c22847
_d22847